000 00826nam a2200265 i 4500
001 180900
003 ES-MaACL
005 20251012190845.0
008 120820s2010 sp |||| |dspa d
020 _a978-84-8310-199-5
080 _a821.134.2(729.1)-31"19"
080 _a929 Heredia, José María
100 1 _aPadura, Leonardo.
_988220
245 1 3 _aLa novela de mi vida /
_cLeonardo Padura.
250 _a2ª ed.
260 _aBarcelona :
_bTusquets,
_c2010.
300 _a345 p. ;
_c23 cm.
490 1 _aAndanzas ;
_v470
600 1 7 _aHeredia, José María,
_d1803-1839-
_vNovelas
_2
_9151324
830 1 0 _aColección Andanzas
_v470
_9234359
852 _aES-MaACL
_jA-12181
_9187779
_bR.147144
_cDEPO1
_dOlim: N-5186
942 _2udc
_cMONOGRAFIA
999 _c180900
_d180900